000
00197 a2200097 4500
001
8931
100
_a
bowecs T
245
_a
Entertainment in Russia
260
_a
_b
Nelson
_c
090
_c
7120
_d
7120
942
_a
NUST-CAE
_c
M
_c
33735
999
_c
244004
_d
244004